00364nam a22001211a 4500082001900000100002700019245005500046260006300101300001000164650002800174650002500202650001500227 aM301 07bNAR/S aNarayanan Kadathanattu aSahitheeya vicharangal/cby Narayanan Kadathanattu aKottayam:bSahitya Pravartaka Co-operative Society,c2011. a136p. aStories Malayalam Study aLiterature Malayalam aLiterature